Normal view
MARC view
Entry Personal Name
001 - CONTROL NUMBER
- control field: 2530
003 - CONTROL NUMBER IDENTIFIER
- control field: BD-RjUL
005 - DATE AND TIME OF LATEST TRANSACTION
- control field: 20220418125458.0
008 - FIXED-LENGTH DATA ELEMENTS
- fixed length control field: 220418|| aca||aabn | a|a d
040 ## - CATALOGING SOURCE
- Original cataloging agency: BD-RjUL
- Transcribing agency: BD-RjUL
100 ## - HEADING--PERSONAL NAME
- Personal name: Barrington, Pamela,
- Dates associated with a name: 1904-1986
670 ## - SOURCE DATA FOUND
- Source citation: Work cat.: (BD-RjUL)79718: Barrington, Pamela, 1904-1986., The triangle has four sides /, [1950]